Normal view
MARC view
- Derbyshire, J Denis
Entry Personal Name
001 - CONTROL NUMBER
- control field: 15006
003 - CONTROL NUMBER IDENTIFIER
- control field: NUST
005 - DATE AND TIME OF LATEST TRANSACTION
- control field: 20190618093522.0
008 - FIXED-LENGTH DATA ELEMENTS
- fixed length control field: 190618|| aca||aabn | a|a d
040 ## - CATALOGING SOURCE
- Original cataloging agency: NUST
- Transcribing agency: NUST
100 ## - HEADING--PERSONAL NAME
- Personal name: Derbyshire, J Denis
670 ## - SOURCE DATA FOUND
- Source citation: Work cat.: (NUST): Derbyshire, J Denis, World political systems :, 1993.
